[Event "Konnerud CC-ch"]
[Site "Konnerud"]
[Date "2019.01.16"]
[Round "1"]
[White "Marthinussen, Tias Sebastian Lia"]
[Black "Hoisveen, Tore"]
[Result "0-1"]
[WhiteElo "1195"]
[BlackElo "1541"]
[PlyCount "80"]
[EventDate "2019.01.16"]
[EventType "swiss"]
[EventRounds "9"]
[EventCountry "NOR"]
[SourceTitle "EXT 2024"]
[Source "ChessBase"]
[SourceDate "2023.10.10"]
[SourceVersion "1"]
[SourceVersionDate "2023.10.10"]
[SourceQuality "1"]

1. e4 e5 2. Bc4 Nf6 3. Nf3 Nc6 4. Nc3 Bc5 5. d3 d6 6. Be3 Bg4 7. a3 a6 8. Nd5 Nd4 9. Bxd4 Bxd4 10. h3 Bh5 11. c3 Ba7 12. d4 Nxe4 13. g4 Bg6 14. Nh4 c6 15. Nxg6 hxg6 16. Qf3 Ng5 17. Nf6+ Qxf6 18. Qe3 0-0-0 19. h4 Nf3+ 20. Ke2 Nxh4 21. Qh3 exd4 22. g5+ Qe6+ 23. Bxe6+ fxe6 24. Rae1 Nf5 25. Qxh8 Rxh8 26. Rxh8+ Kd7 27. cxd4 Bxd4 28. Rb1 Kc7 29. Rf1 e5 30. b4 Kb6 31. Rb8 Kc7 32. Ra8 c5 33. Rc1 Kb6 34. Kd3 Bb2 35. Rd1 Bxa3 36. Kc4 Bxb4 37. Rxd6+ Nxd6+ 38. Kd5 c4 39. Kxe5 c3 40. f4 c2 0-1

[Event "Konnerud CC-ch"]
[Site "Konnerud"]
[Date "2018.02.07"]
[Round "4"]
[White "Hoisveen, Tore"]
[Black "Taksrud, Vidar"]
[Result "0-1"]
[WhiteElo "1572"]
[BlackElo "2036"]
[PlyCount "38"]
[EventDate "2018.01.10"]
[EventType "swiss"]
[EventRounds "9"]
[EventCountry "NOR"]
[SourceTitle "EXT 2024"]
[Source "ChessBase"]
[SourceDate "2023.10.10"]
[SourceVersion "1"]
[SourceVersionDate "2023.10.10"]
[SourceQuality "1"]

1. e4 e6 2. Nf3 c5 3. b3 Nc6 4. Bb2 d6 5. Be2 Nf6 6. d3 Be7 7. 0-0 0-0 8. Nbd2 Bd7 9. h3 b5 10. Nh2 Nd4 11. Bxd4 cxd4 12. f4 Rc8 13. Rc1 Qb6 14. Ng4 Nxg4 15. hxg4 f5 16. g5 e5 17. Qe1 exf4 18. Nf3 fxe4 19. dxe4 d3+ 0-1

[Event "Konnerud CC-ch"]
[Site "Konnerud"]
[Date "2016.??.??"]
[Round "5"]
[White "Hoisveen, Tore"]
[Black "Armot, Leidulv"]
[Result "0-1"]
[WhiteElo "1528"]
[BlackElo "1433"]
[PlyCount "124"]
[EventDate "2016.01.06"]
[EventType "swiss"]
[EventRounds "11"]
[EventCountry "NOR"]
[SourceTitle "EXT 2024"]
[Source "ChessBase"]
[SourceDate "2023.10.10"]
[SourceVersion "1"]
[SourceVersionDate "2023.10.10"]
[SourceQuality "1"]

1. e4 e5 2. Bc4 Nf6 3. Nc3 Nc6 4. a3 g6 5. Nf3 Bg7 6. d3 a6 7. h3 0-0 8. 0-0 d6 9. Ba2 Qe8 10. Nh2 Be6 11. b3 Nd4 12. Ne2 Nxe2+ 13. Qxe2 Qc8 14. Be3 Nh5 15. Rac1 Nf4 16. Bxf4 exf4 17. c4 Bh6 18. Rc2 Re8 19. f3 Bg7 20. Qd2 Bd4+ 21. Kh1 Be3 22. Qe2 Qd8 23. Ng4 Bxg4 24. fxg4 Qh4 25. Rf3 Re5 26. b4 Rg5 27. Rxe3 fxe3 28. Qf3 c5 29. Re2 b6 30. Qxe3 Rxg4 31. bxc5 dxc5 32. Qf3 Rf4 33. Qe3 Rf1+ 34. Kh2 Qf4+ 35. Qxf4 Rxf4 36. Bb3 Rd8 37. Bc2 Kg7 38. g3 Rf1 39. Kg2 Ra1 40. a4 Ra2 41. Kf2 Rb8 42. Ke3 b5 43. axb5 axb5 44. cxb5 Rxb5 45. Bd1 Ra1 46. Rd2 Rba5 47. h4 R1a3 48. Kf4 Ra2 49. Rxa2 Rxa2 50. Bb3 Rf2+ 51. Ke3 Rb2 52. Bc4 Rb8 53. e5 h6 54. g4 Rd8 55. Kf3 Rd4 56. h5 gxh5 57. gxh5 Rh4 58. Kg3 Rxh5 59. Kf3 Rh4 60. Kg3 Rd4 61. e6 fxe6 62. Kf3 Kf6 0-1

[Event "Konnerud GP B"]
[Site "Konnerud"]
[Date "2015.11.21"]
[Round "2"]
[White "Thingstad, Tormod"]
[Black "Hoisveen, Tore"]
[Result "0-1"]
[WhiteElo "1493"]
[BlackElo "1529"]
[PlyCount "84"]
[EventDate "2015.11.21"]
[EventType "swiss"]
[EventRounds "5"]
[EventCountry "NOR"]
[SourceTitle "EXT 2024"]
[Source "ChessBase"]
[SourceDate "2023.10.10"]
[SourceVersion "1"]
[SourceVersionDate "2023.10.10"]
[SourceQuality "1"]

1. d4 d5 2. c4 c6 3. Nc3 e6 4. Nf3 Nd7 5. e3 Ngf6 6. Bd3 Bb4 7. Bd2 a6 8. 0-0 0-0 9. a3 Ba5 10. b4 Bc7 11. Re1 h6 12. Qc2 b6 13. e4 Nxe4 14. Nxe4 dxe4 15. Bxe4 Bb7 16. Rad1 Nf6 17. Bc3 Nxe4 18. Qxe4 Rb8 19. c5 Qf6 20. Rd3 Qf5 21. Qxf5 exf5 22. Re7 Bd8 23. Rd7 Re8 24. Ne5 f6 25. Rg3 Re7 26. Rxe7 Bxe7 27. Nd7 Rd8 28. Nxb6 a5 29. Re3 Kf7 30. f4 a4 31. Bb2 Ba6 32. Nxa4 g5 33. g3 Rg8 34. Kf2 Bd8 35. Rc3 Re8 36. Re3 Re4 37. Nc3 Rxd4 38. Ke1 gxf4 39. gxf4 Rxf4 40. Ne2 Re4 41. Kf2 Bc7 42. Rf3 Rxe2+ 0-1